Igualdad, no discriminacin̤ y discapacidad una visin̤ integradora de las realidades española y argentina /

Bibliographic Details
Other Authors: Campoy Cervera, Ignacio (ed), Palacios, Agustina (ed)
Format: Unknown
Language:Spanish
Published: Madrid : Dykinson, 2007
Subjects:
Online Access:Acceso restringido

MARC

LEADER 00000ny a22000003n 4500
005 20110620134552.0
006 m u
007 cr cn|||||||||
008 200806r20072008sp |||||s|||||||||||spa d
020 |a 9788498490459 
035 |a 2313 
040 |a FlNmELB  |c FlNmELB  |d vlex 
050 1 4 |a K637  |b I249 2007eb 
080 |a 342.724 
090 |c 1368  |d 1368 
245 0 0 |a Igualdad, no discriminacin̤ y discapacidad  |h [Recurso electrn̤ico]  |b una visin̤ integradora de las realidades española y argentina /  |c editores, Ignacio Campoy Cervera, Agustina Palacios 
256 |a Servicio en ln̕ea 
260 |a Madrid :  |b Dykinson,  |c 2007 
300 |a [7]-375 p 
506 1 |a Contenido solo disponible en los productos indicados  |d vLex Global  |d vLex Global (Academic Edition, excluding Law Schools)  |d vLex Global (U.S. Academic Edition, Law Schools)  |d vLex Global (U.S. Academic Edition, excluding Law Schools)  |d vLex Global (Academic Edition, Law Schools) 
650 0 7 |a Derechos humanos  |2 Tesauro vLex 
650 0 7 |a Constitucional  |2 Tesauro vLex 
650 0 7 |a Discapacitado  |2 Tesauro vLex 
650 0 7 |a Civil  |2 Tesauro vLex 
650 0 7 |a Derecho a la igualdad  |2 Tesauro vLex 
650 0 7 |a Discriminacin̤  |2 Tesauro vLex 
650 0 7 |a No discriminacin̤  |2 Tesauro vLex 
700 1 |a Campoy Cervera, Ignacio,   |e ed 
700 1 |a Palacios, Agustina,   |e ed 
740 0 |a vLex Libros (Servicios en ln̕ea) 
856 4 0 |z   
856 4 0 |u http://vlex.com/source/2313  |z Acceso restringido 
942 |c BOOK